000 00835cam a22002531 4500
001 27678
003 BD-RjUL
005 20211209051204.0
008 140325s1968 tnu b 001 0beng
035 _a(BD-RjUL)27757
040 _aDLC
_cDLC
_dDLC
_dBD-RjUL
_beng
041 _aeng
082 0 0 _a947.080924
_bMID 1968
100 1 _aMiller, Forrestt A.
_982731
245 1 0 _aDmitrii Mili︠u︡tin and the reform era in Russia /
_cby Forrestt A. Miller.
260 _aNashville, Tenn. :
_bVanderbilt University Press,
_cc1968.
300 _aix, 246 p. ;
_c24 cm.
504 _aBibliography: p. 231-242 & Includes Index.
600 1 0 _aMili︠u︡tin, Dmitriĭ Alekseevich,
_cgraf,
_d1816-1912.
_982732
651 0 _aSoviet Union
_xArmed Forces
_xHistory.
_982733
942 _2ddc
_cBK
999 _c27678
_d27678